Giftige Tiere - Statistiken

Allgemein
  • Dieses Quiz wurde 178 mal gespielt
    38 seit der letzten Aktualisierung
  • Das Durchschnittsergebnis liegt bei 7 aus 16
Antwortstatistiken
Bildquiz Antwort % Korrekt
Königskobra
100%
Nordafrikanischer Dickschwanzskorpion
94%
Texas-Klapperschlange
92%
Deutsche Wespe
87%
Schnabeltier
83%
Pazifischer Rotfeuerfisch
79%
Komodowaran
77%
Echter Steinfisch
75%
Weißflecken-Kugelfisch
75%
Inlandtaipan
73%
Gewöhnliches Petermännchen
45%
Kleiner Blaugeringelter Krake
45%
Brasilianische Wanderspinne
44%
Großer Blaugeringelter Krake
44%
Schwarze Mamba
44%
Seewespe
41%
Monarchfalter
40%
Plumplori
38%
Schrecklicher Pfeilgiftfrosch
35%
Sydney-Trichternetzspinne
35%
Streifen-Kegelschnecke
32%
Dominikanischer Schlitzrüssler
23%
Mosambik-Speikobra
23%
Japanische Schildkrötenkopf-Seeschlange
20%
Zweifarbenpitohui
18%
Aga-Kröte
17%
Gewöhnlicher Stechrochen
17%
Rotmeer-Feuerseeigel
17%
Wasserspitzmaus
14%
Brasilianischer Riesenläufer
8%
Schwarzblauer Ölkäfer
8%
Gila-Krustenechse
7%
Esparsetten-Widderchen
6%
Rauhäutiger Gelbbauchmolch
0%
Spanische Fliege
0%
Violette Fadenschnecke
0%
Keine übereinstimmenden Quizze gefunden
Verteilung der Resultate
Anzahl Personen mit jedem Resultat
Perzentil nach korrekt beantworteten Fragen
Ihre Resultats-Entwicklung
Sie haben dieses Quiz seit der letzten Aktualisierung nicht gespielt